00938nam a2200253 i 4500001000300000100001900003245013100022246005500153260003600208300002600244490003700270500005700307504002600364650002200390655001800412700002600430830003700456020002100493040000800514041001100522080001200533008004100545856009800586bg1 aDUBOIS, Brenda10aPraca socjalna :bzawód, który dodaje sił.nT. 2 /cBrenda Dubois, Karla Krogsrud Miley ; tł. [z ang.] Krzysztof Czekaj. iTyt. oryg.:aSocial work. An empowering profession aKatowice :b"Śląsk",c1999. a209, [1] s. ;c21 cm.1 aBiblioteka Pracownika Socjalnego aTyt. oryg.: "Social work. An empowering profession". aBibliogr. s. 161-209. 9aOpieka społeczna aPodręczniki1 aKROGSRUD-MILEY, Karla aBiblioteka Pracownika Socjalnego a8371641494 (t.2) cBPK1 aplhen a364(07) s pl f |000 0 pol  uhttp://koha.tu.koszalin.pl/cgi-bin/koha/opac-detail.pl?biblionumber=38486yKatalog online BPK